000 00298nam a22001217a 4500
020 _a81-8131-098-5
082 _a030
_bBRI/R 10
245 _aBRITANNICA READY REFERENCE ENCYCLOPEDIA
260 _aINDIA
_bENCYCLOPAEDIA BRITANNICA
300 _a252
650 _aGENERAL KNOWLEDGE
_zINDIA
942 _cBK
999 _c2084
_d2084